Williams textbook of endocrinology. (13th ed.) (Record no. 33004)

MARC details
000 -LEADER
fixed length control field 00852nam a2200217 a 4500
008 - FIXED-LENGTH DATA ELEMENTS--GENERAL INFORMATION
fixed length control field 170426s2016 ||||||||||||||||| || u
020 ## - INTERNATIONAL STANDARD BOOK NUMBER
International Standard Book Number 9780323297387
050 ## - LIBRARY OF CONGRESS CALL NUMBER
Classification number RC 648 Wil
100 ## - MAIN ENTRY--PERSONAL NAME
Personal name Kronenberg, Henry M
245 10 - TITLE STATEMENT
Title Williams textbook of endocrinology. (13th ed.)
Statement of responsibility, etc. By Shlomo Melmed, Kenneth S. Polonsky, P. Reed Larsen and Henry M. Kronenberg
250 ## - EDITION STATEMENT
Edition statement 13th ed
260 ## - PUBLICATION, DISTRIBUTION, ETC.
Place of publication, distribution, etc. California
Name of publisher, distributor, etc. Elsevier
Date of publication, distribution, etc. 2016
300 ## - PHYSICAL DESCRIPTION
Extent xviii,1916p.: ill
350 ## -
-- 199.99
650 ## - SUBJECT ADDED ENTRY--TOPICAL TERM
Topical term or geographic name entry element ENDOCRINE SYSTEM DISEASES
650 ## - SUBJECT ADDED ENTRY--TOPICAL TERM
Topical term or geographic name entry element ENDOCRINE GLANDS
700 ## - ADDED ENTRY--PERSONAL NAME
Personal name Polonsky, kenneth S
700 ## - ADDED ENTRY--PERSONAL NAME
Personal name Larsen, Reed P
700 ## - ADDED ENTRY--PERSONAL NAME
Personal name Melmed, Shlomo
995 ## -
-- MEDICAL LIBRARY OPEN ACCESS
-- 903903
-- CBU-SCHOOL OF MEDICINE LIBRARY (Ndola)
-- 199.99
-- RC 648 Wil
-- 1
-- AVAILABLE
-- Apr 26, 2017
-- Book Aid International
-- 903903
-- Medical Library Open Access Collection
999 ## -
-- 33004
-- 33004
Holdings
Withdrawn status Lost status Source of classification or shelving scheme Damaged status Not for loan Permanent Location Current Location Shelving location Date acquired Total Checkouts Full call number Barcode Date last seen Price effective from Koha item type
          CBU-SCHOOL OF MEDICINE LIBRARY, NDOLA. CBU-SCHOOL OF MEDICINE LIBRARY, NDOLA.   11/30/2022   RC 648 Wil 903903 11/30/2022 11/30/2022 MONOGRAPH